000 00630nam a2200241Ia 4500
003 OSt
005 20220331145911.0
008 210210b1940 xxu||||| |||| 00| 0 eng d
040 _aAL
_c
041 _aeng
082 _a826/272
100 _aDOBREE (Bonamy) Ed
_927072
245 _aAugustans and romantics 1689-1830 Vol III: Dyson and Butt Ed
260 _aLondon
_bNot Mentioned
_c1940
440 _aIII
_927073
650 _aromantics
_927074
650 _aDyson
_927075
650 _aAugustans
_927076
650 _a1689-1830
_927077
690 _aHistory of Literature
_927078
906 _a015820
942 _2ddc
_cBK
999 _c135210
_d135210